000 00458nam a2200169Ia 4500
008 210210b1997 xxu||||| |||| 00| 0 eng d
020 _a0 7069 9788 3
082 _a541.302 SHAP
100 _aSHARMA (K K).
245 _aProblems in physical chemistry.Ed 2.
250 _a
260 _aN D
_bVikas Publishing House Pvt Ltd.,
_c1997
300 _aviii,495,iv
650 _aPhysical Chemistry Problems
690 _aPhysical Chemistry
906 _a052440
999 _c100749
_d100749